Indian sucession act (Record no. 153318)
[ view plain ]
| 000 -LEADER | |
|---|---|
| fixed length control field | 00529nam a22001937a 4500 |
| 005 - DATE AND TIME OF LATEST TRANSACTION | |
| control field | 20180723122610.0 |
| 010 ## - LCCN (DPL NO) | |
| LC control number | B-227753 |
| 020 ## - INTERNATIONAL STANDARD BOOK NUMBER | |
| International Standard Book Number | 9788171771790 |
| Terms of availability | 750.00 |
| 035 ## - SYSTEM CONTROL NUMBER | |
| System control number | B-227753, B-227752 |
| 037 ## - SOURCE OF ACQUISITION | |
| Source of stock number/acquisition | Eastern law house |
| 082 ## - DEWEY DECIMAL CLASSIFICATION NUMBER | |
| Classification number | 346.54052 |
| 100 ## - MAIN ENTRY--PERSONAL NAME | |
| Personal name | Mitra, B. B. |
| 245 ## - TITLE STATEMENT | |
| Title | Indian sucession act |
| 250 ## - EDITION STATEMENT | |
| Edition statement | 14th ed. |
| 260 ## - PUBLICATION, DISTRIBUTION, ETC. (IMPRINT) | |
| Place of publication, distribution, etc | New Delhi |
| Name of publisher, distributor, etc | Eastern law house |
| 300 ## - PHYSICAL DESCRIPTION | |
| Extent | 727p. |
| Dimensions | 22cm(Hb) |
| 942 ## - ADDED ENTRY ELEMENTS (KOHA) | |
| Source of classification or shelving scheme | Dewey Decimal Classification |
| Item type | English Books |
| Classification part | 346.54052 |
| Call number suffix | MIT |
| Withdrawn status | Lost status | Not for loan | Collection code | Home library | Current library | Date acquired | Full call number | Barcode | Koha item type | Source of acquisition | Cost, normal purchase price | Cost, replacement price |
|---|---|---|---|---|---|---|---|---|---|---|---|---|
| Non-fiction | Patel Nagar | Patel Nagar | 23/07/2018 | 346.54052 MIT | B-227752 | English Books | BPPD/PUB | 480.00 | 480.00 | |||
| Non-fiction | Sarojini Nagar | Sarojini Nagar | 03/07/2018 | 346.54052 MIT | B-2277538 | English Books |
